| 000 | 01796cam a2200457Ka 4500 | ||
|---|---|---|---|
| 001 | 50694 | ||
| 005 | 20230411090004.0 | ||
| 006 | m d | ||
| 007 | cr cn||||||||| | ||
| 008 | 070310s2004 mx ab sb 000 0 spa d | ||
| 035 | _a(OCoLC)ocm85831186 | ||
| 040 |
_aTEFOD _cTEFOD |
||
| 020 | _a9682325633 (electronic bk. : Adobe Reader) | ||
| 020 | _a9789682325632 (electronic bk. : Adobe Reader) | ||
| 035 | _a(OCoLC)85831186 | ||
| 037 |
_bOverDrive, Inc. _nhttp://www.overdrive.com |
||
| 043 | _an-mx--- | ||
| 082 | 0 | 4 |
_a339.4/6/0972 _222 |
| 049 | _aGRAL | ||
| 245 | 0 | 3 |
_aLa pobreza en México y el mundo _h[electronic resource] : _brealidades y desafíos / _cMichelle Adato ... [et al.]. ; coordinado por Julio Boltvinik, Araceli Damián. |
| 250 | _a2da ed. | ||
| 260 |
_aMéxico, D.F. : _bSiglo Veintiuno Editores, _c2005 |
||
| 300 |
_a539, [3] p. : _bill., _c23 cm. |
||
| 490 | 1 | _aEconomía y demografía | |
| 500 | _a"En coedición con el gobierno del estado de Tamaulipas." | ||
| 504 | _aIncludes bibliographical references. | ||
| 533 |
_aElectronic reproduction. _bMexico City : _cSiglo XXI Editores, _d2006. _nRequires Adobe Reader 6.0 (file size: 3637 KB). |
||
| 650 | 0 |
_aPoverty _zMexico. |
|
| 651 | 0 |
_aMexico _xSocial aspects. |
|
| 650 | 7 |
_aPobreza _zMâexico. _2bidex |
|
| 651 | 7 |
_aMéxico _xAspectos sociales. _2bidex |
|
| 655 | 7 |
_aElectronic books. _2local |
|
| 700 | 1 | _aAdato, Michelle. | |
| 700 | 1 | _aBoltvinik, Julio. | |
| 700 | 1 | _aDamián, Araceli. | |
| 776 | 1 |
_cOriginal _z9789682325632 _w(OCoLC)59673341 |
|
| 830 | 0 | _aEconomía y demografía (Mexico City, Mexico). | |
| 856 | 4 |
_uhttp://www.contentreserve.com/TitleInfo.asp?ID={A6004F77-9CA3-468D-8209-A5FA894797C1}&Format=50 _zClick for information |
|
| 942 |
_2lcc _cbk |
||
| 994 |
_aC0 _bDRFGD |
||
| 999 |
_c110500 _d110500 |
||